00477nam a22001697a 45000050016000000080041000160100014000570200010000710350013000810370015000940400018001091000022001272450050001492600030001992700057002293000021002862009090104014.0090901t xxu||||| |||| 00| 0 eng d aENG-95021 c50.00 aEN-78554 bDBAD / PUB adplbEnglish  aMukherjee, Bibek  aOn rational adaptation /cby Bibek Mukherjee  aKolkata bAuthor c(200?) a7-D, S.R. Das Road, P.O. Kalighat bKolkata e700026 a49p. c23cm(Hb)